000 00530nam a2200181Ia 4500
008 131103s9999 xx 000 0 und d
040 _aLoreto College
041 _aEnglish
082 _a840.9/CRU
_bLCLIB/15664
245 _aFrench literature and its background
_cEdited by John Cruickshank
260 _aLondon
_bOxford University
_c1968
300 _avii,228p.
_c 21cm.
504 _aThe sixteenth century
650 _aFrench literature
700 _aCruickshank, John ; ed.
850 _aLCLIB/840.9/CRU
942 _cBK
999 _c24159
_d74638